| 000 | 01074nam a22003137a 4500 | ||
|---|---|---|---|
| 001 | 5414 | ||
| 003 | FISKH | ||
| 005 | 20241204114334.0 | ||
| 008 | 241204b cb ||||| |||| 00| 0 eng d | ||
| 020 | _a490590630297 | ||
| 040 |
_aFISKH _beng _cFISKH _dFISKH |
||
| 050 | _aPZ7.M9534 | ||
| 082 | _a823.92 | ||
| 100 | _aMurphy, Jill | ||
| 245 |
_aA Bad Spell for the Worst Witch / _cby Jill Murphy |
||
| 250 | _aFirst Candlewick Press edition 2000 | ||
| 260 |
_aMassachusetts : _bCandlewick Press ; _c1974. |
||
| 300 |
_a127 pages : _billustrations ; _c21 cm . |
||
| 490 |
_aThe Worst Witch _vBook 3 |
||
| 505 | _aZ | ||
| 520 | _aAlthough her second year at Miss Cackle's Academy for Witches starts off better than her first, Mildred Hubble soon regains her reputation as the worst witch in the school when she and Ethel Hallow resume feuding. | ||
| 521 | 8 |
_a1060
_bLexile |
|
| 521 | 8 |
_aZ
_bRaz-Plus |
|
| 650 |
_aWitches _vFiction |
||
| 650 |
_aSchools _vFiction |
||
| 700 |
_aMurphy, Jill _eillustrator |
||
| 942 |
_2ddc _cBK _n0 |
||
| 999 |
_c5414 _d5414 |
||